<?xml version="1.0" encoding="UTF-8"?>
<record
    xmlns:xsi="http://www.w3.org/2001/XMLSchema-instance"
    xsi:schemaLocation="http://www.loc.gov/MARC21/slim http://www.loc.gov/standards/marcxml/schema/MARC21slim.xsd"
    xmlns="http://www.loc.gov/MARC21/slim">

  <leader>00801nam a22002537a 4500</leader>
  <controlfield tag="003">dpl</controlfield>
  <controlfield tag="005">20180522141729.0</controlfield>
  <controlfield tag="008">180522b        xxu||||| |||| 00| 0 eng d</controlfield>
  <datafield tag="010" ind1=" " ind2=" ">
    <subfield code="a">B-159902</subfield>
  </datafield>
  <datafield tag="020" ind1=" " ind2=" ">
    <subfield code="c">975.00</subfield>
    <subfield code="a">8188583774</subfield>
  </datafield>
  <datafield tag="035" ind1=" " ind2=" ">
    <subfield code="a">B-159902,  B-159915</subfield>
  </datafield>
  <datafield tag="037" ind1=" " ind2=" ">
    <subfield code="b">Cen Lib/Ret</subfield>
  </datafield>
  <datafield tag="040" ind1=" " ind2=" ">
    <subfield code="a">DPL</subfield>
    <subfield code="b">EN</subfield>
    <subfield code="c">0</subfield>
  </datafield>
  <datafield tag="082" ind1=" " ind2=" ">
    <subfield code="a">954.41</subfield>
    <subfield code="b">BEA</subfield>
  </datafield>
  <datafield tag="245" ind1=" " ind2=" ">
    <subfield code="a">The beautiful India :</subfield>
    <subfield code="c">edited by S.A.Rahman</subfield>
    <subfield code="b">Maharashtra /</subfield>
  </datafield>
  <datafield tag="260" ind1=" " ind2=" ">
    <subfield code="b">Reference Press</subfield>
    <subfield code="a">New Delhi</subfield>
  </datafield>
  <datafield tag="270" ind1=" " ind2=" ">
    <subfield code="a">4831/24, Ansari Road, Darya Ganj</subfield>
    <subfield code="e">110002</subfield>
    <subfield code="b">New Delhi</subfield>
  </datafield>
  <datafield tag="300" ind1=" " ind2=" ">
    <subfield code="a">x,446p. </subfield>
    <subfield code="c">21cm(Hb)</subfield>
  </datafield>
  <datafield tag="500" ind1=" " ind2=" ">
    <subfield code="a">Includes bibliographical references</subfield>
  </datafield>
  <datafield tag="650" ind1=" " ind2=" ">
    <subfield code="a">Maharashtra (India)</subfield>
    <subfield code="9">28210</subfield>
  </datafield>
  <datafield tag="650" ind1=" " ind2=" ">
    <subfield code="a">System of gevernance in Maharashtra</subfield>
    <subfield code="9">28211</subfield>
  </datafield>
  <datafield tag="700" ind1=" " ind2=" ">
    <subfield code="a">S.A.Rahman</subfield>
    <subfield code="9">28212</subfield>
  </datafield>
  <datafield tag="942" ind1=" " ind2=" ">
    <subfield code="2">ddc</subfield>
    <subfield code="c">EN</subfield>
    <subfield code="h">954.41</subfield>
    <subfield code="m">BEA</subfield>
  </datafield>
  <datafield tag="999" ind1=" " ind2=" ">
    <subfield code="c">130077</subfield>
    <subfield code="d">130077</subfield>
  </datafield>
  <datafield tag="952" ind1=" " ind2=" ">
    <subfield code="0">0</subfield>
    <subfield code="1">0</subfield>
    <subfield code="4">0</subfield>
    <subfield code="7">0</subfield>
    <subfield code="a">L</subfield>
    <subfield code="b">L</subfield>
    <subfield code="d">2015-07-08</subfield>
    <subfield code="e">Cen Lib/Ret</subfield>
    <subfield code="g">975.00</subfield>
    <subfield code="l">2</subfield>
    <subfield code="o">954.41 BEA</subfield>
    <subfield code="p">B-159902</subfield>
    <subfield code="r">2018-10-08 00:00:00</subfield>
    <subfield code="s">2018-09-27</subfield>
    <subfield code="t">1</subfield>
    <subfield code="v">975.00</subfield>
    <subfield code="w">2015-07-08</subfield>
    <subfield code="y">EN</subfield>
  </datafield>
  <datafield tag="952" ind1=" " ind2=" ">
    <subfield code="0">0</subfield>
    <subfield code="1">0</subfield>
    <subfield code="2">ddc</subfield>
    <subfield code="4">0</subfield>
    <subfield code="7">0</subfield>
    <subfield code="a">L</subfield>
    <subfield code="b">L</subfield>
    <subfield code="d">2016-10-05</subfield>
    <subfield code="l">0</subfield>
    <subfield code="o">954.41 BEA</subfield>
    <subfield code="p">B-159903</subfield>
    <subfield code="r">2016-10-05 00:00:00</subfield>
    <subfield code="w">2016-10-05</subfield>
    <subfield code="y">EN</subfield>
  </datafield>
  <datafield tag="952" ind1=" " ind2=" ">
    <subfield code="0">0</subfield>
    <subfield code="1">0</subfield>
    <subfield code="2">ddc</subfield>
    <subfield code="4">0</subfield>
    <subfield code="7">0</subfield>
    <subfield code="8">NFIC</subfield>
    <subfield code="a">BL4</subfield>
    <subfield code="b">BL4</subfield>
    <subfield code="d">2018-05-22</subfield>
    <subfield code="e">BPPD/PUB</subfield>
    <subfield code="g">975.00</subfield>
    <subfield code="l">0</subfield>
    <subfield code="o">954.41 BEA</subfield>
    <subfield code="p">A-159915</subfield>
    <subfield code="r">2018-05-22 00:00:00</subfield>
    <subfield code="v">975.00</subfield>
    <subfield code="w">2018-05-22</subfield>
    <subfield code="y">EN</subfield>
  </datafield>
  <datafield tag="952" ind1=" " ind2=" ">
    <subfield code="0">0</subfield>
    <subfield code="1">0</subfield>
    <subfield code="2">ddc</subfield>
    <subfield code="4">0</subfield>
    <subfield code="7">0</subfield>
    <subfield code="8">NFIC</subfield>
    <subfield code="a">ZLS</subfield>
    <subfield code="b">ZLS</subfield>
    <subfield code="d">2019-01-24</subfield>
    <subfield code="l">0</subfield>
    <subfield code="o">954.41 BEA</subfield>
    <subfield code="p">B-159907</subfield>
    <subfield code="r">2019-01-24 00:00:00</subfield>
    <subfield code="w">2019-01-24</subfield>
    <subfield code="y">EN</subfield>
    <subfield code="z">Withdran List Prepared L.No.18/05</subfield>
  </datafield>
</record>
